000 00880nam a22002177a 4500
005 20130715115617.0
008 130715b2007 ck ||||| |||| 00| 0 spa d
020 _a9789589849415 (Obra completa)
020 _a9789589848422 (volúmen)
041 _aspa
044 _ack
082 _a333.917
_bC822p
110 _aColombia.
_bCorporación Autónoma Regional de la Orinoquía.
_9497
245 1 0 _aPlan de Ordenación y Manejo Ambiental de la Cuenca del Río Chitamena
_cCorporación Autónoma Regional de la Orinoquía
260 _a[Bogotá] :
_bCorporinoquía
_c[2007].
300 _a56 p.
_bil., mapas.
_c25 cm.
490 _aPlan de ordenación y manejo ambiental de las cuencas hidrográficas dela Orinoquía
_v 2.
650 6 _aCuencas hidrográficas
_xAspectos Ambientales
_9498
650 6 _aChitamena (Rio, Colombia)
_xAspectos Ambientales
_9499
942 _2ddc
_cIMPRESO
999 _c7372
_d7372